000 01237nam0a22002651 4500
001 rc\1122969
005 20260407123842.0
035 _a(NLR Aleph) 006365755
090 _a4948216
_c4948216
100 _a20041126d1981 |||y0rusy50 ca
101 0 _arus
102 _aRU
105 _aa |||||||||
200 1 _aОрганизация системы реабилитации больных и инвалидов на промышленном предприятии
_eСб. науч. тр.
_fГорьков. НИИ травматологии и ортопедии, Мед.-сан. часть Горьков. автозавода
_g[Редкол.: М.Г. Григорьев и др.]
210 _aГорький
_cГорьковНИИТО
_d1981
215 _a128 с., 2 л. схем.
_cил.
_d22
320 _aБиблиогр.: с. 123-126 (39 назв.)
320 _aБиблиогр. в конце работ
702 1 _aГригорьев
_bМ.Г.
_gМихаил Григорьевич
_4340
712 0 2 _aГорьковский НИИ травматологии и ортопедии
_3RU\NLR\AUTH\889964158
_9424534
801 0 _aRU
_bNLR
_gpsbo
801 1 _aRU
_bELAR
_2rusmarc
852 _aNLR
_j83-5/93
942 _cBOOK
980 _aNB